000 00223nam a2200097 a 4500
005 20200930073936.0
008 111020s1964 000 spa d
245 0 _aSituations.
260 _a[ParĂ­s],
_c1964.
999 _c34340
_d34340
040 _aDO-SdBNP